বাংলা সাহিত্যের ইতিহাস প্রসঙ্গ : (Record no. 56343)
[ view plain ]
| 000 -LEADER | |
|---|---|
| fixed length control field | 00914nam a2200217 a 4500 |
| 001 - CONTROL NUMBER | |
| control field | 56343 |
| 003 - CONTROL NUMBER IDENTIFIER | |
| rucl marc code | BD-RjUL |
| 005 - DATE AND TIME OF LATEST TRANSACTION | |
| control field | 20211209080402.0 |
| 008 - FIXED-LENGTH DATA ELEMENTS--GENERAL INFORMATION | |
| fixed length control field | 161128s1969 bg ||||| |||| 00| 0 ben d |
| 035 ## - SYSTEM CONTROL NUMBER | |
| System control number | (BD-RjUL)56467 |
| 040 ## - CATALOGING SOURCE | |
| Original cataloging agency | BD-RjUL |
| Language of cataloging | ben |
| Transcribing agency | BD-RjUL |
| Modifying agency | BD-RjUL |
| 041 ## - LANGUAGE CODE | |
| Language code of text/sound track or separate title | ben |
| 082 ## - DEWEY DECIMAL CLASSIFICATION NUMBER | |
| Edition number | 23 |
| Classification number | 891.4409 |
| Author mark and year | ISB 1969 |
| 100 ## - MAIN ENTRY--PERSONAL NAME | |
| Personal name | ইসলাম, আজাহার |
| 9 (RLIN) | 123432 |
| 245 10 - TITLE STATEMENT | |
| Title | বাংলা সাহিত্যের ইতিহাস প্রসঙ্গ : |
| Remainder of title | (আধুনিক যুগ) / |
| Statement of responsibility, etc. | আজাহার ইসলাম |
| 260 ## - PUBLICATION, DISTRIBUTION, ETC. (IMPRINT) | |
| Place of publication, distribution, etc. | ঢাকা : |
| Name of publisher, distributor, etc. | আডিয়াল লাইব্রেরী, |
| Date of publication, distribution, etc. | ১৯৬৯ |
| 300 ## - PHYSICAL DESCRIPTION | |
| Pagination | ঝ, ৭৮৬ পৃ. ; |
| Size | ২২ সেমি |
| 650 ## - SUBJECT ADDED ENTRY--TOPICAL TERM | |
| Topical term or geographic name as entry element | বাংলা সাহিত্য |
| General subdivision | ইতিহাস ও সমালোচনা |
| 9 (RLIN) | 123433 |
| Topical term or geographic name as entry element | Bengali Literature |
| General subdivision | History and Criticism |
| 9 (RLIN) | 123434 |
| 942 ## - ADDED ENTRY ELEMENTS (KOHA) | |
| Source of classification or shelving scheme | Dewey Decimal Classification |
| Koha item type | Books |
| Lost status | Source of classification or shelving scheme | Damaged status | Not for loan | Collection code | Permanent Location | Current Location | Shelving location | Date acquired | Source of acquisition | Cost, normal purchase price | Total Checkouts | Full call number | Date last seen | Date checked out | Copy number | Koha item type |
|---|---|---|---|---|---|---|---|---|---|---|---|---|---|---|---|---|
| Dewey Decimal Classification | Non-fiction | Central Library, University of Rajshahi | Central Library, University of Rajshahi | 22/05/1973 | Islamia Library, Rajshahi. | 15.00 | 1 | B 891.4409 ISB 1969 | 14/09/2023 | 29/08/2023 | C-2 | Books |